banner-ar

دراسات عن مؤسسات النشر فى العصر الحديث او زهور من حديقة الناشرين / (Record no. 6027)

MARC details
000 -الفاتح
حقل البيانات ثابتة الطول 00721nam a2200205Ia 4500
008 - عناصر البيانات ثابتة الطول - معلومات عامة
حقل البيانات ثابتة الطول 140319s9999 xx 000 0 ara d
040 ## - مصدر الفهرسة
وكالة الفهرسة الأصلية GCL /
وكالة النسخ GCL
082 04 - رقم تصنيف ديوى العشرى
رقم التصنيف 070.594
رقم المادة ح د
100 1# - المدخل الرئيسى - إسم شخصى
الإسم الشخصى حسناء محمود محجوب
245 10 - بيان العنوان
العنوان دراسات عن مؤسسات النشر فى العصر الحديث او زهور من حديقة الناشرين /
بيان المسئوليه,etc حسناء محمود محجوب
260 ## - PUBLICATION, DISTRIBUTION, ETC. (IMPRINT)
تاريخ النشر أو التوزيع 2002
300 ## - الوصف المادى
التعداد 287 ص ؛
أبعاد الوعاء 24 سم
650 04 - المدخل الاضافى بالموضوع-مصطلح موضوعى
مصطلح موضوعي نشر الكتب
650 04 - المدخل الاضافى بالموضوع-مصطلح موضوعى
مصطلح موضوعي النشر
650 04 - المدخل الاضافى بالموضوع-مصطلح موضوعى
مصطلح موضوعي الإنترنت
650 04 - المدخل الاضافى بالموضوع-مصطلح موضوعى
مصطلح موضوعي الناشرون العرب
650 04 - المدخل الاضافى بالموضوع-مصطلح موضوعى
مصطلح موضوعي مؤسسات النشر
942 ## - عناصر المدخل الإضافي( كوها)
مصدر التصنيف او مخطط الترفيف Dewey Decimal Classification
Koha [default] item type كتاب
260 ## - PUBLICATION, DISTRIBUTION, ETC. (IMPRINT)
-- القاهرة :
-- دار الثقافة العلمية ،
Holdings
حالة التراجع حالة الفقد حالة تلف ليس للاعارة المكان المؤقت الموقع الحالى تاريخ الاكتساب اجمالي اﻻعارات رقم الطلب الباركود تاريخ اخر مشاهدة تاريخ تفعيل السعر نوع وعاء كوها
        مكتبة القاهرة الكبرى مكتبة القاهرة الكبرى 03/26/2014   070.594\ح د 12665 03/26/2014 03/26/2014 كتاب

Powered By

EGPV